北京市朝阳区地铁换乘站 - Statistics

General Stats
  • This quiz has been taken 32 times
  • The average score is 22 of 28
Answers on the Map
Answers color-coded by a green-red scale on the quiz's map according to % correct below.
 
Answer Stats
Answer % Correct
国贸
90%
东坝北
86%
惠新西街南口
86%
双井
86%
北土城
86%
奥林匹克公园
86%
三元桥
86%
建国门
83%
大望路
83%
工人体育场
83%
呼家楼
83%
朝阳门
79%
朝阳公园
79%
立水桥
79%
九龙山
79%
望京西
79%
望京
79%
和平西桥
76%
安华桥
76%
十里河
76%
光熙门
76%
大屯路东
72%
金台路
72%
太阳宫
72%
团结湖
69%
西坝河
69%
高家园
62%
芍药居
45%
No matching quizzes found
Score Distribution
Percent of People with Each Score
Percentile by Number Answered
Your Score History
You have not taken this quiz